00458cam a22002051 4500001000800000005001700008008004100025010001700066015001400083040001800097041000800115043001200123080001800135082001800153100000700171101000800178245003300186350000800219504002500227265548320180215091606.0700316s1966 enkcf b 000 0 eng  a 70355517  aB66-20885 aDLCcDLCdDLC aeng ae-uk-en a942.1066 JOH00a942.1066 JOH a44 aART00a1666 and other London fires: a1/- aBibliography: p. 16.